000 01000nam a2200241Ia 4500
003 OSt
005 20210108175509.0
008 191128s2010 ck fr 000 0 spa d
020 _a9789587104806
040 _aCO-JMCR
_cCO-JMCR
041 0 _aspa
082 0 4 _a343.04 /
_bP695c
_223
100 1 _aPiza Rodríguez, Julio Roberto,
_eeditor
_96667
245 1 0 _aCurso de derecho tributario, procedimiento y régimen sancionatorio /
_cJulio Roberto Piza Rodríguez
250 _aPrimera edición
260 _aBogotá :
_bUniversidad Externado de Colombia,
_c2010
300 _a873 páginas ;
_c24 cm.
505 0 _aDerecho tributario: concepto fundamental de su autonomía científica -- El poder tributario: organización estructura en el Estado Colombiano -- Los principios constitucionales del sistema tributario -- El sistema normativo del derecho tributario
650 1 4 _aDerecho fiscal
_98387
650 1 4 _aProcedimiento tributario
_98388
650 1 4 _aSanciones
_98389
942 _2ddc
_cBK
999 _c5898
_d5898